000 01164nam a2200301 a 4500
001 ebr10218246
003 CaPaEBR
006 m u
007 cr cn|||||||||
008 050707s2006 cau sb 001 0 eng
010 _z 2005930318
020 _z1412902940 (hardcover)
020 _z1412902959 (pbk.)
040 _aCaPaEBR
_cCaPaEBR
035 _a(OCoLC)290534967
050 1 4 _aLC5225.L42
_bH68 2006eb
100 1 _aHoult, Elizabeth.
245 1 0 _aLearning support
_h[electronic resource] :
_ba guide for mature students /
_cElizabeth Hoult.
260 _aThousand Oaks, CA :
_bSage Publications,
_c2006.
300 _ax, 130 p.
504 _aIncludes bibliographical references (p. [126]-127) and index.
533 _aElectronic reproduction.
_bPalo Alto, Calif. :
_cebrary,
_d2013.
_nAvailable via World Wide Web.
_nAccess may be limited to ebrary affiliated libraries.
650 0 _aAdult learning.
650 0 _aAdult education.
655 7 _aElectronic books.
_2local
710 2 _aebrary, Inc.
856 4 0 _uhttp://site.ebrary.com/lib/rucke/Doc?id=10218246
_zAn electronic book accessible through the World Wide Web; click to view
999 _c129982
_d129982